000 00526nam a2200169 i 4500
001 33980
003 ES-MaACL
007 t|
008 030203s1982 sp ||||1| spa d
100 1 _aBoden, Margaret.
_929701
245 1 0 _aPiaget /
_cMargaret Boden ; prólogo de Juan Delval ; [traducción de Carmen García Trevijano].
260 _aMadrid :
_bCátedra,
_c[1982]
300 _a208 p. ;
_c18 cm.
700 1 _aDelval, Juan.
_943602
700 1 _aGarcía Trevijano, Carmen.
_955342
852 _aES-MaACL
_jL-3984
_bR.104111
999 _c33980
_d33980